Szczegóły MARC21

Modern geometry - methods and applications. Pt. 3, Introduction to homology theory /

003 -Nazwa inst., której nr kontr. jest w polu 001 [,]
    • @
    • Nazwa instytucji, której n kontrolny jest w polu 001
    • NUKAT
005 -DATA I CZAS OSTATNIEJ MODYFIKACJI [,]
    • @
    • pole kontrolne
    • 20241231103436.0
020 -Międzynarod. znormalizowany nr książki - ISBN [ , ]
    • a
    • Numer ISBN
    • 0387972714 Find
    • q
    • Dopowiedzenie
    • Springer-Verlag New York Berlin Heidelberg
020 -Międzynarod. znormalizowany nr książki - ISBN [ , ]
    • a
    • Numer ISBN
    • 3540972714 Find
    • q
    • Dopowiedzenie
    • Springer-Verlag Berlin Heidelberg New York
040 -Instytucja sporządzająca opis [ , ]
    • a
    • Instytucja, która sporządziła opis (NP)
    • LUBL 64/EH
    • c
    • Instytucja, która sporządziła rekord (NP)
    • LUBL 64/EH
    • d
    • Instytucja, która zmodyfikowała rekord (P)
    • LUBL 64/EH
    • d
    • Instytucja, która zmodyfikowała rekord (P)
    • LUBL 64/WSs
    • d
    • Instytucja, która zmodyfikowała rekord (P)
    • WA 35/BJ
    • d
    • Instytucja, która zmodyfikowała rekord (P)
    • WA U/94ANK
041 -Język dokumentu [1, ]
    • a
    • Język tekstu (P)
    • angielski
    • h
    • Język tekstu oryginalnego i/lub pośredniego (P)
    • rosyjski
942 -Rodzaj dokumentu [ , ]
    • c
    • Rodzaj dokumentu
    • Książka
100 -Hasło główne - nazwa osobowa [1, ]
    • a
    • Nazwa osobowa (NP)
    • Dubrovin, Boris Anatol'evič
    • d
    • Daty biograficzne (NP)
    • (1950- ).
    • 9
    • KHW
    • 76290
240 -Tytuł ujednolicony [1,0]
    • a
    • Tytuł ujednolicony
    • Sovremennaâ geometriâ
    • l
    • Język tekstu
    • (ang.)
    • 9
    • KHW
    • 688364
245 -Strefa tytułu i oznaczenia odpowiedzialności [1,0]
    • a
    • Tytuł
    • Modern geometry - methods and applications. Find
    • n
    • Oznaczenie części (P)
    • Pt. 3,
    • p
    • Nazwa części (P)
    • Introduction to homology theory /
    • c
    • Pozostałe elementy strefy tytułu i oznaczenia odpowiedzialności (NP)
    • B. A. Dubrovin, A. T. Fomenko, S. P. Novikov ; translated by Robert G. Burns.
246 -Wariant tytułu [3,0]
    • a
    • Tytuł (NP)
    • Introduction to homology theory
260 -Strefa adresu wydawniczego [ , ]
    • a
    • Miejsce wydania (P)
    • New York :
    • b
    • Nazwa wydawcy (P)
    • Springer-Verlag,
    • c
    • Data wydania (P)
    • cop. 1990.
300 -Strefa opisu fizycznego [ , ]
    • a
    • Określenie formy książki i/lub objętość (NP)
    • 416 s. :
    • b
    • Oznaczenie ilustracji (NP)
    • rys., wykr. ;
    • c
    • Format (NP)
    • 24 cm.
336 -Typ zawartości [ , ]
    • a
    • Termin opisujący typ zawartości
    • Tekst
    • b
    • Kod określający zawartość
    • txt
    • 2
    • Źródło (terminu i kodu)
    • rdacontent
337 -Typ mediów [ , ]
    • a
    • Tryb odtwarzania
    • Bez urządzenia pośredniczącego
    • b
    • Kod typu mediów
    • n
    • 2
    • Źródło (terminu i kodu)
    • rdamedia
338 -Typ/rodzaj nośnika [ , ]
    • a
    • Hasło opisujące typ nośnika
    • Wolumin
    • b
    • Kod typu nośnika
    • nc
    • 2
    • Źródło (terminu i kodu)
    • rdacarrier
490 -Strefa serii i książki wielotomowej - forma nie do wyszukiwania [1, ]
    • a
    • Tytuł (P)
    • Graduate Texts in Mathematics, Find
    • x
    • ISSN (NP)
    • 0072-5285 ;
    • v
    • Numeracja (P)
    • 124
830 -Hasło dodatkowe serii i opisu książki wielotomowej - tytuł ujednolicony/tytuł [ ,0]
    • a
    • Tytuł ujednolicony/tytuł (NP)
    • Graduate Texts in Mathematics
    • x
    • ISSN
    • 0072-5285
    • v
    • Oznaczenie tomu (NP)
    • 124
    • 9
    • KHW
    • 1448
504 -Uwaga dot. bibliogr. załącznikowej [ , ]
    • a
    • Uwaga dot. bibliografii załącznikowej
    • Bibliogr. s. 372-376.
504 -Uwaga dot. bibliogr. załącznikowej [ , ]
    • a
    • Uwaga dot. bibliografii załącznikowej
    • Indeks.
080 -Uniwersalna Klasyfikacja Dziesiętna [ , ]
    • 2
    • Identyfikator wydania tablic
    • UDC-P058
    • 9
    • UKD
    • 4035
    • a
    • Symbol klasyfikacji
    • 514
    • b
    • Dopowiedzenie
    • Geometria.
    • 4
    • UKD2
    • 7644
    • x
    • Poddział wspólny
    • =111
    • c
    • Dopowiedzenie poddz. wspólnego
    • =Język angielski.
650 -Hasło przedmiotowe [ ,7]
    • a
    • Hasło przedmiotowe
    • Homologia (matematyka).
    • 2
    • Źródło terminu
    • kaba
    • 9
    • KHW
    • 111514
650 -Hasło przedmiotowe [ ,7]
    • a
    • Hasło przedmiotowe
    • Kohomologia (matematyka).
    • 2
    • Źródło terminu
    • kaba
    • 9
    • KHW
    • 114648
980 -Symbol UKD [ , ]
    • a
    • UKD
    • 514=111
700 -Hasło dodatkowe - nazwa osobowa [1, ]
    • a
    • Nazwa osobowa (NP)
    • Fomenko, Anatolij Timofeevič Find
    • d
    • Daty biograficzne (NP)
    • (1945- ).
    • 9
    • KHW
    • 8089
700 -Hasło dodatkowe - nazwa osobowa [1, ]
    • a
    • Nazwa osobowa (NP)
    • Novikov, Sergej Petrovič Find
    • d
    • Daty biograficzne (NP)
    • (1938- ).
    • 9
    • KHW
    • 51461
920 -ISBN [ , ]
    • a
    • ISBN
    • 0-387-97271-4 Find
    • q
    • Dopowiedzenie
    • Springer-Verlag New York Berlin Heidelberg
920 -ISBN [ , ]
    • a
    • ISBN
    • 3-540-97271-4 Find
    • q
    • Dopowiedzenie
    • Springer-Verlag Berlin Heidelberg New York
Data inwentaryzacji Lokalizacja Numer inwentarzowy Status udost.
2011-02-02BGN.199451